[Event "SLO-chT2W"]
[Site "Bled"]
[Date "2003.11.14"]
[Round "6"]
[White "Runic, Zoran"]
[Black "Orel, Oskar"]
[Result "1-0"]
[WhiteElo "2376"]
[BlackElo "2367"]
[PlyCount "80"]
[EventDate "2003.11.07"]
[EventType "team-tourn"]
[EventRounds "8"]
[EventCountry "SLO"]
[SourceTitle "EXT 2005"]
[Source "ChessBase"]
[SourceDate "2004.11.15"]
[SourceVersion "1"]
[SourceVersionDate "2004.11.15"]
[SourceQuality "1"]

1. e4 c5 2. Nf3 e6 3. c3 d5 4. e5 d4 5. Bd3 Nc6 6. 0-0 Nge7 7. Re1 Ng6 8. c4 Be7 9. Bxg6 hxg6 10. d3 b6 11. h3 Bb7 12. Bf4 Nb4 13. Nh2 Bg5 14. Bg3 Bh4 15. a3 Nc6 16. Bxh4 Rxh4 17. Nd2 Qc7 18. Ndf3 Rh5 19. Qe2 a5 20. Nf1 0-0-0 21. Ng3 Rhh8 22. Qd2 Kb8 23. Rab1 Rhe8 24. Ne4 Rf8 25. Nd6 Nxe5 26. Nxe5 Rxd6 27. b4 f6 28. Nxg6 Rc8 29. bxa5 bxa5 30. Rb5 Ra6 31. Nf4 Qd7 32. Qe2 e5 33. Nd5 Ka7 34. Reb1 Bxd5 35. cxd5 Qxd5 36. Qb2 Qd6 37. Rxa5 Qc6 38. Rb5 Qd5 39. Rxc5 Qd7 40. Rb5 Rc7 1-0

[Event "SLO-chT2W"]
[Site "Bled"]
[Date "2003.11.08"]
[Round "3"]
[White "Orel, Oskar"]
[Black "Mestek, Igor"]
[Result "1/2-1/2"]
[WhiteElo "2367"]
[BlackElo "2095"]
[PlyCount "61"]
[EventDate "2003.11.07"]
[EventType "team-tourn"]
[EventRounds "8"]
[EventCountry "SLO"]
[SourceTitle "EXT 2005"]
[Source "ChessBase"]
[SourceDate "2004.11.15"]
[SourceVersion "1"]
[SourceVersionDate "2004.11.15"]
[SourceQuality "1"]

1. d4 f5 2. c4 e6 3. g3 d5 4. Bg2 c6 5. Nh3 Nf6 6. b3 Bb4+ 7. Bd2 Qe7 8. 0-0 Bd6 9. Bf4 Nbd7 10. cxd5 exd5 11. Bxd6 Qxd6 12. Nf4 0-0 13. Qc2 g6 14. Nd2 b6 15. Nf3 Bb7 16. Rfd1 Rfe8 17. Nd3 Ng4 18. h3 Ngf6 19. Nde5 Ne4 20. Nxd7 Qxd7 21. a3 Qd6 22. b4 Rac8 23. e3 Re7 24. Rac1 Rf8 25. Ne5 Rf6 26. Qa4 a6 27. Qb3 Kg7 28. a4 c5 29. bxc5 bxc5 30. Bxe4 c4 31. Qc2 1/2-1/2

[Event "SLO-chT2W"]
[Site "Bled"]
[Date "2003.11.07"]
[Round "1"]
[White "Orel, Oskar"]
[Black "Jakovljevic, Vlado"]
[Result "1/2-1/2"]
[WhiteElo "2367"]
[BlackElo "2416"]
[PlyCount "32"]
[EventDate "2003.11.07"]
[EventType "team-tourn"]
[EventRounds "8"]
[EventCountry "SLO"]
[SourceTitle "EXT 2005"]
[Source "ChessBase"]
[SourceDate "2004.11.15"]
[SourceVersion "1"]
[SourceVersionDate "2004.11.15"]
[SourceQuality "1"]

1. d4 Nf6 2. Nf3 e6 3. c4 Bb4+ 4. Bd2 c5 5. Bxb4 cxb4 6. Nbd2 0-0 7. e3 d6 8. Bd3 b6 9. Qc2 Bb7 10. Ne4 Bxe4 11. Bxe4 Nxe4 12. Qxe4 Nd7 13. 0-0 Rc8 14. b3 a5 15. a3 bxa3 16. Rxa3 Qe7 1/2-1/2

[Event "Bled op 24th"]
[Site "Bled"]
[Date "2003.07.20"]
[Round "9"]
[White "Kozamernik, Janez"]
[Black "Orel, Oskar"]
[Result "1/2-1/2"]
[WhiteElo "2199"]
[BlackElo "2338"]
[PlyCount "45"]
[EventDate "2003.07.14"]
[EventType "swiss"]
[EventRounds "9"]
[EventCountry "SLO"]
[SourceTitle "CBM 095 Extra"]
[Source "ChessBase"]
[SourceDate "2003.09.04"]
[SourceVersion "1"]
[SourceVersionDate "2003.09.04"]
[SourceQuality "1"]

1. e4 c5 2. Nf3 e6 3. d4 cxd4 4. Nxd4 a6 5. c4 Bb4+ 6. Nc3 Nf6 7. Qc2 Bxc3+ 8. bxc3 d6 9. Ba3 Qc7 10. Rd1 Nbd7 11. Nb3 b6 12. Bxd6 Qc6 13. f3 Bb7 14. e5 Ng8 15. Bd3 Ne7 16. 0-0 Qa4 17. Qd2 h6 18. Nd4 Nc5 19. Bxc5 bxc5 20. Bc2 Qd7 21. Nb3 Qc7 22. Na5 Bc6 23. Nxc6 1/2-1/2

[Event "Bled op 24th"]
[Site "Bled"]
[Date "2003.07.19"]
[Round "8"]
[White "Orel, Oskar"]
[Black "Rodman, Franc"]
[Result "1-0"]
[WhiteElo "2338"]
[BlackElo "2200"]
[PlyCount "55"]
[EventDate "2003.07.14"]
[EventType "swiss"]
[EventRounds "9"]
[EventCountry "SLO"]
[SourceTitle "CBM 095 Extra"]
[Source "ChessBase"]
[SourceDate "2003.09.04"]
[SourceVersion "1"]
[SourceVersionDate "2003.09.04"]
[SourceQuality "1"]

1. d4 Nf6 2. Nf3 g6 3. g3 Bg7 4. Bg2 0-0 5. 0-0 d6 6. c3 Nbd7 7. Nbd2 c6 8. h3 e5 9. dxe5 dxe5 10. Nc4 Qc7 11. Qd6 Qxd6 12. Nxd6 Ne8 13. Nxc8 Rxc8 14. Rd1 Nb8 15. Be3 b6 16. a4 Nc7 17. Ne1 c5 18. Nc2 f5 19. a5 f4 20. Bd2 g5 21. axb6 axb6 22. c4 Rcd8 23. Bc3 Bf6 24. Be4 Rfe8 25. Ne1 Ne6 26. Rxd8 Rxd8 27. Bd5 Kf7 28. Nf3 1-0

[Event "SLO-chT2"]
[Site "Slovenia"]
[Date "2003.05.15"]
[Round "3"]
[White "Lenic, Luka"]
[Black "Orel, Oskar"]
[Result "1-0"]
[WhiteElo "2361"]
[BlackElo "2335"]
[PlyCount "129"]
[EventDate "2003.05.02"]
[EventType "team-tourn"]
[EventRounds "9"]
[EventCountry "SLO"]
[SourceTitle "EXT 2005"]
[Source "ChessBase"]
[SourceDate "2004.11.15"]
[SourceVersion "1"]
[SourceVersionDate "2004.11.15"]
[SourceQuality "1"]

1. Nf3 c5 2. g3 Nc6 3. Bg2 d5 4. 0-0 Nf6 5. d4 e6 6. c4 dxc4 7. Qa4 Bd7 8. dxc5 Bxc5 9. Qxc4 Qe7 10. Nc3 Rc8 11. Bg5 h6 12. Bxf6 gxf6 13. Ne4 Ne5 14. Nxe5 fxe5 15. Nxc5 Rxc5 16. Qd3 0-0 17. Qa3 Bb5 18. Qxa7 Bxe2 19. Rfe1 Ba6 20. Rab1 Bd3 21. Rbd1 Ba6 22. b4 Rc3 23. Qb6 Bc4 24. a4 Bb3 25. Ra1 Rc4 26. Qe3 Rxb4 27. Qxh6 f6 28. Qg6+ Kh8 29. Rab1 Bd5 30. Rxb4 Qxb4 31. Rb1 Qe7 32. Rb6 Rd8 33. Bxd5 Rxd5 34. Qb1 Qd8 35. Kg2 Rd3 36. Qb5 Qd5+ 37. Qxd5 Rxd5 38. Rxe6 f5 39. Re8+ Kg7 40. Re7+ Kf6 41. Rxb7 Rd3 42. Rb6+ Kg7 43. Re6 Rd5 44. Rb6 Rd3 45. a5 Ra3 46. a6 Kf7 47. h4 e4 48. Rb7+ Kg6 49. a7 Ra1 50. Rb6+ Kg7 51. g4 fxg4 52. Rb4 Kg6 53. Rxe4 Kh5 54. Kg3 Rg1+ 55. Kf4 Ra1 56. Re7 Ra4+ 57. Kf5 Ra5+ 58. Ke6 Kxh4 59. Kd6 Kh3 60. Rg7 Kg2 61. Rxg4+ Kxf2 62. Rg7 Ke3 63. Kc6 Ra1 64. Kb7 Rb1+ 65. Kc8 1-0

[Event "Portoroz op"]
[Site "Portoroz"]
[Date "2003.05.02"]
[Round "8"]
[White "Orel, Oskar"]
[Black "Solak, Dragan"]
[Result "0-1"]
[WhiteElo "2332"]
[BlackElo "2514"]
[PlyCount "120"]
[EventDate "2003.04.??"]
[EventType "swiss"]
[EventRounds "9"]
[EventCountry "SLO"]
[SourceTitle "EXT 2005"]
[Source "ChessBase"]
[SourceDate "2004.11.15"]
[SourceVersion "1"]
[SourceVersionDate "2004.11.15"]
[SourceQuality "1"]

1. d4 g6 2. Nf3 Bg7 3. g3 c5 4. dxc5 Qa5+ 5. Nbd2 Qxc5 6. Bg2 d6 7. 0-0 Nf6 8. c3 0-0 9. Nd4 Nc6 10. N2f3 Bd7 11. h3 Rfc8 12. a4 Qb6 13. Nxc6 bxc6 14. a5 Qc7 15. Re1 Rab8 16. e4 e5 17. Bf1 Be6 18. b4 h6 19. Ba3 d5 20. exd5 cxd5 21. c4 dxc4 22. Nxe5 Ne4 23. Rxe4 Bxe5 24. Rc1 c3 25. b5 Qxa5 26. Bd6 Bxd6 27. Qxd6 Qc7 28. Qa3 Qc5 29. Qa4 Bd7 30. Rc4 Bxb5 31. Rxc5 Bxa4 32. R1xc3 Rxc5 33. Rxc5 Rb7 34. h4 Bb3 35. f4 h5 36. f5 Kg7 37. Bd3 Rd7 38. Rc3 Bd5 39. Kf2 a5 40. Ke3 a4 41. Bc2 Ra7 42. Ra3 Bc6 43. fxg6 fxg6 44. Kd4 Be8 45. Kc3 Kf6 46. Kb2 Rb7+ 47. Ka1 Bc6 48. Rc3 Rb6 49. Rc4 Bd7 50. Rd4 Bf5 51. Bxa4 Re6 52. Rb4 Re3 53. Rb3 Rxb3 54. Bxb3 Ke5 55. Kb2 Ke4 56. Bd1 Ke3 57. Kc3 Kf2 58. Kd4 Kxg3 59. Ke5 Kxh4 60. Kf4 Bg4 0-1

[Event "Portoroz op"]
[Site "Portoroz"]
[Date "2003.04.30"]
[Round "6"]
[White "Orel, Oskar"]
[Black "Rozic, Vesna"]
[Result "1-0"]
[WhiteElo "2332"]
[BlackElo "2127"]
[PlyCount "141"]
[EventDate "2003.04.??"]
[EventType "swiss"]
[EventRounds "9"]
[EventCountry "SLO"]
[SourceTitle "EXT 2005"]
[Source "ChessBase"]
[SourceDate "2004.11.15"]
[SourceVersion "1"]
[SourceVersionDate "2004.11.15"]
[SourceQuality "1"]

1. e4 e6 2. d3 d5 3. Nd2 c5 4. Ngf3 Nc6 5. g3 g6 6. Bg2 Bg7 7. 0-0 Nge7 8. c3 0-0 9. Re1 b6 10. e5 Qc7 11. Qe2 a5 12. Nf1 Ba6 13. Bg5 Rfe8 14. Bf6 Bf8 15. Qd2 h6 16. Rad1 Kh7 17. Ne3 Ng8 18. Ng4 Nce7 19. h4 Nf5 20. Kh2 Ng7 21. Bxg7 Bxg7 22. Qf4 Qe7 23. d4 Rec8 24. Bf1 Bxf1 25. Rxf1 Ra7 26. Kg2 cxd4 27. Rxd4 Qf8 28. Rh1 Ne7 29. h5 g5 30. Qd2 Nf5 31. Qd3 Kh8 32. Rxd5 exd5 33. Qxf5 Re8 34. Rd1 Qe7 35. Rxd5 Rd8 36. Rb5 Rb7 37. Nd4 Qd7 38. a4 Qxf5 39. Nxf5 Kh7 40. Nd6 Rbd7 41. Rxb6 Rc7 42. Nf5 Rc4 43. Ngxh6 Rd7 44. Nxg7 Kxg7 45. Nf5+ Kh7 46. Rh6+ Kg8 47. e6 fxe6 48. Rxe6 Rxa4 49. Rg6+ Kh7 50. Rxg5 Ra2 51. Nd4 Rb7 52. b3 Rf7 53. Kh3 Rfxf2 54. Re5 Rf7 55. g4 Rc7 56. c4 Rd7 57. Nf5 Rd3+ 58. Kh4 Rxb3 59. Re7+ Kh8 60. Kg5 Rb6 61. Nh4 Rd2 62. Ng6+ Kg8 63. h6 Rxg6+ 64. Kxg6 Rd6+ 65. Kh5 Ra6 66. g5 a4 67. g6 Ra5+ 68. Kg4 Ra8 69. h7+ Kh8 70. Kg5 a3 71. Kh6 1-0

[Event "Portoroz op"]
[Site "Portoroz"]
[Date "2003.04.29"]
[Round "5"]
[White "Pahor, Milos"]
[Black "Orel, Oskar"]
[Result "1-0"]
[WhiteElo "2071"]
[BlackElo "2332"]
[PlyCount "81"]
[EventDate "2003.04.??"]
[EventType "swiss"]
[EventRounds "9"]
[EventCountry "SLO"]
[SourceTitle "EXT 2005"]
[Source "ChessBase"]
[SourceDate "2004.11.15"]
[SourceVersion "1"]
[SourceVersionDate "2004.11.15"]
[SourceQuality "1"]

1. e4 c5 2. Nc3 e6 3. g3 d5 4. exd5 exd5 5. Bg2 Nf6 6. d3 h6 7. Nge2 Nc6 8. 0-0 d4 9. Ne4 Nxe4 10. dxe4 c4 11. Nf4 g6 12. Nd5 Be6 13. Bf4 Rc8 14. Qf3 Bd6 15. Rfe1 Ne5 16. Bxe5 Bxe5 17. Qa3 a5 18. Rad1 b5 19. f4 Bd6 20. Qf3 0-0 21. e5 Bc5 22. Nf6+ Kg7 23. g4 h5 24. gxh5 Rh8 25. Qg3 Bf5 26. hxg6 fxg6 27. Be4 d3+ 28. Kh1 Rh3 29. Qg2 Bxe4 30. Nxe4 Rh5 31. Ng5 Qe7 32. cxd3 Rch8 33. h3 Rxg5 34. fxg5 Qe6 35. d4 Rxh3+ 36. Kg1 Rh4 37. Re4 Rxe4 38. Qxe4 Bb6 39. Rf1 Qd7 40. Rf4 b4 41. e6 1-0

[Event "Donau op 11th"]
[Site "Aschach"]
[Date "2002.12.31"]
[Round "7"]
[White "Orel, Oskar"]
[Black "Pluemer, Detlef"]
[Result "1-0"]
[WhiteElo "2322"]
[BlackElo "2246"]
[PlyCount "85"]
[EventDate "2002.12.26"]
[EventType "swiss"]
[EventRounds "7"]
[EventCountry "AUT"]
[SourceTitle "CBM 091 Extra"]
[Source "ChessBase"]
[SourceDate "2003.01.09"]
[SourceVersion "1"]
[SourceVersionDate "2003.01.09"]
[SourceQuality "1"]

1. Nf3 e6 2. g3 b6 3. Bg2 Bb7 4. c4 f5 5. d4 Be7 6. Nc3 Nf6 7. 0-0 Ne4 8. Nxe4 Bxe4 9. b3 0-0 10. Bb2 Bf6 11. Qd2 d6 12. Rfd1 Qe7 13. Bc3 Nd7 14. Rac1 Rad8 15. b4 c5 16. Ne1 Bg5 17. e3 Bxg2 18. Nxg2 Nf6 19. Qe2 cxd4 20. Bxd4 e5 21. Bb2 Rc8 22. Qd3 Ne8 23. c5 bxc5 24. bxc5 Rxc5 25. Rxc5 dxc5 26. Qd5+ Kh8 27. Ba3 Rf7 28. Bxc5 Qc7 29. Ne1 Nf6 30. Qd8+ Ng8 31. Qxc7 Rxc7 32. Nf3 Bf6 33. Rd5 e4 34. Nd4 g6 35. Nb5 Rc6 36. Nxa7 Ra6 37. a3 Ne7 38. Rd6 Rxd6 39. Bxd6 Kg7 40. Bxe7 Bxe7 41. a4 Kf7 42. a5 Ke6 43. Nc6 1-0